书目信息 |
| 题名: |
高分子溶液
|
|
| 作者: | 严 著 | |
| 分册: | ||
| 出版信息: | 北京 科学出版社 2014 |
|
| 页数: | 283页 | |
| 开本: | 26cm | |
| 丛书名: | ||
| 单 册: | ||
| 中图分类: | O631.4 | |
| 科图分类: | ||
| 主题词: | 高分子化学 , 高聚物 | |
| 电子资源: | ||
| ISBN: | 978-7-03-041616-2 | |
| 000 | 00551nam0 2200205 450 | |
| 001 | 142429 | |
| 005 | 20141221122949.46 | |
| 010 | @a978-7-03-041616-2@dCNY 88.00 | |
| 100 | @a20141221d2014 km y0chiy0120 ea | |
| 101 | 0 | @achi |
| 102 | @aCN@b110000 | |
| 200 | 1 | @a高分子溶液@Agao fen zi rong ye@f严著@Fyan zhu |
| 210 | @a北京@c科学出版社@d2014 | |
| 215 | @a283页@d26cm | |
| 606 | 0 | @a高分子化学 |
| 606 | 0 | @a高聚物 |
| 690 | @aO631.4@v4 | |
| 701 | 0 | @a严@Ayan@4著 |
| 801 | 0 | @aCN@b大连网信软件有限公司图书馆·11@c20141221 |
| 905 | @a241430@dO631.4@eY045 | |
| 高分子溶液/严著.-北京:科学出版社,2014 |
| 283页;26cm |
| ISBN 978-7-03-041616-2:CNY 88.00 |
| ● |
| 相关链接 |
|
|
|
正题名:高分子溶液
索取号:O631.4/Y045
 
预约/预借
| 序号 | 登录号 | 条形码 | 馆藏地/架位号 | 状态 | 备注 |
| 1 | 1134898 | 211348987 | 自科库401/401自科库 93排2列5层/ [索取号:O631.4/Y045] | 在馆 | |
| 2 | 1134899 | 211348996 | 自科库401/401自科库 93排2列5层/ [索取号:O631.4/Y045] | 在馆 | |
| 3 | 1134900 | 211349003 | 自科库401/401自科库 93排2列5层/ [索取号:O631.4/Y045] | 在馆 |